Arab Spring Countries - Statistics

General Stats
  • This quiz has been taken 95 times
  • The average score is 8 of 9
Answer Stats
Indirecta Respuesta % Correct
Fall of Government(2011) Egypt
94%
Fall of Government And Civil War (2011) Libya
92%
Civil War(2011- ) Syria
92%
Fall of Government(2010-2011) Tunisia
92%
Armed Insurgency(2011) Iraq
90%
Fall of Government and Political Crisis (2011-2012) Yemen
90%
Major Protests(2011-2012) Algeria
82%
Government changes(2011) Morocco
76%
Social Disorder(2011-2012) Bahrain
72%
No matching quizzes found
Score Distribution
Percent of People with Each Score
Percentile by Number Answered
Your Score History
You have not taken this quiz